[Event "World School-ch U17"]
[Site "Iasi"]
[Date "2017.04.29"]
[Round "8"]
[White "Shah, Bhaven Jay"]
[Black "Banerjee, Abhimanyu"]
[Result "0-1"]
[WhiteElo "1699"]
[BlackElo "2034"]
[PlyCount "80"]
[EventDate "2017.04.23"]
[EventType "swiss"]
[EventRounds "9"]
[EventCountry "ROU"]
[SourceTitle "CBM 178 Extra"]
[Source "ChessBase"]
[SourceDate "2017.06.22"]
[SourceVersion "1"]
[SourceVersionDate "2017.06.22"]
[SourceQuality "1"]

1. e4 c6 2. d4 d5 3. Nc3 dxe4 4. Nxe4 Nd7 5. Ng5 Ngf6 6. Bc4 e6 7. Qe2 Nb6 8. Bd3 h6 9. N5f3 c5 10. Be3 Nbd5 11. 0-0-0 Qa5 12. Kb1 Be7 13. Bd2 Qc7 14. Bb5+ Bd7 15. Ne5 0-0 16. Nxd7 Nxd7 17. c4 N5f6 18. d5 exd5 19. cxd5 Rfe8 20. Nf3 Bd6 21. Qd3 a6 22. Bxd7 Qxd7 23. Nh4 Re4 24. g3 Rae8 25. Bc3 Be5 26. f3 Ra4 27. b3 c4 28. Qc2 cxb3 29. axb3 Bxc3 30. bxa4 Rc8 31. Qb3 b5 32. axb5 axb5 33. Rc1 b4 34. Rc2 g5 35. Ng2 Qf5 36. Ne3 Qxf3 37. Rf1 Qxe3 38. Rxf6 Ra8 39. Rxc3 bxc3 40. Qb7 Qd3+ 0-1